Computers in the schools : Chile's learning network /
Saved in:
| Main Author: | |
|---|---|
| Format: | Book |
| Language: | Spanish |
| Published: |
[sin.lugar.] :
Banco Mundial,
1996
|
| Subjects: | |
| Tags: |
Add Tag
No Tags, Be the first to tag this record!
|
MARC
| LEADER | 00000nam a2200000Ia 4500 | ||
|---|---|---|---|
| 008 | 180703b1996 ||||| |||| 00| | spa d | ||
| 999 | |c 1977 |d 1977 | ||
| 090 | |a 06.05.03 |b 924 | ||
| 100 | |a Potashnik, Michael |9 3903 | ||
| 245 | 1 | 0 | |a Computers in the schools : Chile's learning network / |c Michael Potashnik |
| 260 | |a [sin.lugar.] : |b Banco Mundial, |c 1996 | ||
| 300 | |a v. | ||
| 650 | 1 | 4 | |a ENSEÑANZA CON AYUDA DE COMPUTADORAS |9 1115 |
| 650 | 1 | 4 | |a APRENDIZAJE |9 387 |
| 650 | 1 | 4 | |a MÉTODOS PEDAGÓGICOS |9 824 |
| 942 | |i 001500 |h 06.05.03 924 |2 z |c 01 | ||
